| 000 | 00842cam a2200277 a 4500 | ||
|---|---|---|---|
| 001 | 2909865 | ||
| 003 | OSt | ||
| 005 | 20140310181938.0 | ||
| 008 | 880405s1988 nyuaf 000 1 eng | ||
| 010 | _a 88012457 | ||
| 020 | _a345247183125 | ||
| 040 |
_aDLC _cDLC _dDLC |
||
| 050 | 0 | 0 |
_aPL 4780 _b.D754 1975 |
| 082 | 0 | 0 |
_aCLA _bD77h 1975 |
| 100 | 1 |
_aDoyle, Arthur Conan _93466 |
|
| 245 | 1 | 4 |
_aThe hound of the Baskervilles / _cA. Conan Doyle with an introduction by Don Pendleton |
| 260 |
_aNew York : _bBallantine Books, _cc1975. |
||
| 300 |
_axiv, 173 p. _c18 cm. |
||
| 541 | _j1 | ||
| 562 | _e1 | ||
| 650 | 0 |
_aFiction _vFiction. _93467 |
|
| 651 | 0 |
_aDartmoor (England) _vFiction. _93471 |
|
| 655 | 7 |
_aDetective and mystery stories. _2gsafd _93472 |
|
| 906 |
_a7 _bcbc _corignew _d1 _eocip _f19 _gy-gencatlg |
||
| 942 |
_2lcc _cBBK _kCLA |
||
| 999 |
_c7578 _d7578 |
||